Tuyển tập truyện ngắn Lê Tri Kỷ Truyện ngắn

Сохранить в:
Библиографические подробности
Главный автор: Lê Tri Kỷ 1924-1993
Формат:
Язык:Vietnamese
Опубликовано: H. Hội Nhà văn 2015
Серии:Tác phẩm văn học được giải thưởng Nhà nước
Предметы:
Метки: Добавить метку
Нет меток, Требуется 1-ая метка записи!
Thư viện lưu trữ: Mạng thư viện Đại học Đà Nẵng
LEADER 01333nam a2200361 4500
001 000024468
003 20956
005 20161220101217.0
008 161212s2015 viesd
041 0 |a vie 
082 1 4 |a 895.922334  |b LÊ-K 
100 1 |a Lê Tri Kỷ  |d 1924-1993 
245 1 0 |a Tuyển tập truyện ngắn Lê Tri Kỷ  |b Truyện ngắn  |c Lê Tri Kỷ 
260 |a H.  |b Hội Nhà văn  |c 2015 
300 |a 499 tr.  |b chân dung  |c 21 cm. 
490 |a Tác phẩm văn học được giải thưởng Nhà nước 
650 0 4 |a Nhà văn Việt Nam  |x Giải thưởng  |y Thế kỷ 20 
650 0 4 |a Truyện ngắn Việt Nam  |x Giải thưởng  |y Thế kỷ 20 
650 0 4 |a Văn học Việt Nam  |x Giải thưởng  |y Thế kỷ 21 
653 |a Văn học hiện đại 
653 |a Việt Nam 
653 |a Truyện ngắn 
653 |a Tuyển tập 
OWN |a LSP 
AVA |a UDN50  |b LSP  |d 895.922334 LÊ-K  |e available  |t Error 5001 Not defined in file expand_doc_bib_avail.  |f 4  |g 0  |h N  |i 0  |k 1 
999 |a From the UDN01 
AVA |a UDN50  |b LSP  |d 895.922334 LÊ-K  |e available  |t Error 5001 Not defined in file expand_doc_bib_avail.  |f 4  |g 0  |h N  |i 0  |k 1 
TYP |a Monograph 
TYP |a Printed language 
980 |a Mạng thư viện Đại học Đà Nẵng